[Event "Catalunya-chT Gp1"]
[Site "Barcelona"]
[Date "2020.02.08"]
[Round "4.9"]
[White "Travesset Ribera, Joaquin"]
[Black "Mari Copa, Adria"]
[Result "1/2-1/2"]
[WhiteElo "2133"]
[BlackElo "2082"]
[PlyCount "106"]
[EventDate "2020.01.18"]
[EventType "team-tourn"]
[EventRounds "7"]
[EventCountry "ESP"]
[SourceTitle "CBM 194 Extra"]
[Source "ChessBase"]
[SourceDate "2020.03.31"]
[SourceVersion "1"]
[SourceVersionDate "2020.03.31"]
[SourceQuality "1"]
[WhiteTeam "Mollet"]
[BlackTeam "Tres Peons"]
[WhiteTeamCountry "ESP"]
[BlackTeamCountry "ESP"]

1. d4 Nf6 2. Bg5 d5 3. Nd2 e6 4. e3 Be7 5. Bd3 Nbd7 6. f4 c5 7. c3 b6 8. Nh3 a5 9. Qe2 Bb7 10. Nf2 Qc8 11. 0-0 Ba6 12. Rae1 Bxd3 13. Qxd3 Qa6 14. Qb1 h6 15. Bxf6 Nxf6 16. Nf3 0-0 17. g4 Nd7 18. Kh1 Qc8 19. Rg1 f6 20. Nh4 Rf7 21. Ng6 Nf8 22. h4 f5 23. Nxe7+ Rxe7 24. g5 h5 25. g6 Qe8 26. Qd1 Nxg6 27. Qxh5 Nf8 28. Qxe8 Raxe8 29. Nd3 Nd7 30. Rg5 c4 31. Ne5 Nxe5 32. fxe5 Kf7 33. Reg1 Rg8 34. h5 Kf8 35. Kg2 Rh8 36. Kf3 Rh7 37. Ke2 Ke8 38. b3 b5 39. bxc4 dxc4 40. Rb1 Rb7 41. a3 Kd7 42. e4 fxe4 43. Ke3 Kc6 44. Kxe4 Rh6 45. Rg6 Rxg6 46. hxg6 Rb8 47. Rf1 b4 48. axb4 axb4 49. cxb4 Rxb4 50. Rf7 c3 51. Kd3 c2 52. Kxc2 Rxd4 53. Rxg7 Rg4 1/2-1/2

[Event "Ibiza Eivissa op 8th"]
[Site "Eivissa"]
[Date "2019.07.28"]
[Round "7"]
[White "Ruzafa Sanchez, Juan"]
[Black "Mari Copa, Adria"]
[Result "0-1"]
[WhiteElo "1800"]
[BlackElo "2091"]
[PlyCount "38"]
[EventDate "2019.07.07"]
[EventType "swiss"]
[EventRounds "7"]
[EventCountry "ESP"]
[SourceTitle "EXT 2020"]
[Source "ChessBase"]
[SourceDate "2019.10.17"]
[SourceVersion "1"]
[SourceVersionDate "2019.10.17"]
[SourceQuality "1"]

1. d4 Nf6 2. c4 e5 3. d5 Bc5 4. Nc3 d6 5. Nf3 0-0 6. e3 a5 7. Be2 Na6 8. a3 Ne8 9. e4 f5 10. exf5 Bxf5 11. 0-0 h6 12. Na4 Qf6 13. Bd2 b6 14. Nxc5 Nxc5 15. b4 axb4 16. Be3 bxa3 17. Bxc5 dxc5 18. Qb3 e4 19. Ne1 Qxa1 0-1

[Event "Ibiza Eivissa op 8th"]
[Site "Eivissa"]
[Date "2019.07.20"]
[Round "4"]
[White "Mari Copa, Adria"]
[Black "Reina Sorribas, Adrian"]
[Result "1-0"]
[WhiteElo "2091"]
[BlackElo "1278"]
[PlyCount "47"]
[EventDate "2019.07.07"]
[EventType "swiss"]
[EventRounds "7"]
[EventCountry "ESP"]
[SourceTitle "EXT 2020"]
[Source "ChessBase"]
[SourceDate "2019.10.17"]
[SourceVersion "1"]
[SourceVersionDate "2019.10.17"]
[SourceQuality "1"]

1. e4 e5 2. Nf3 Nc6 3. Bc4 Nf6 4. Ng5 d5 5. exd5 Nd4 6. d6 Qxd6 7. 0-0 Be6 8. Nxe6 Nxe6 9. d3 Be7 10. Nc3 0-0 11. Re1 c6 12. Bxe6 fxe6 13. Bg5 Rf7 14. Qe2 Nd7 15. Ne4 Qd4 16. c3 Qd5 17. c4 Qa5 18. Qg4 Nc5 19. Bxe7 Rxe7 20. Nf6+ Kf7 21. Nxh7 Nxd3 22. Ng5+ Kf8 23. Qf3+ Kg8 24. Qxd3 1-0

[Event "Barcelona 150 aniversity 4"]
[Site "Barcelona"]
[Date "2019.06.14"]
[Round "8.4"]
[White "Cardenas, Fernando Adrian"]
[Black "Mari Copa, Adria"]
[Result "1/2-1/2"]
[WhiteElo "2004"]
[BlackElo "2106"]
[PlyCount "106"]
[EventDate "2019.04.26"]
[EventType "swiss"]
[EventRounds "9"]
[EventCountry "ESP"]
[SourceTitle "EXT 2024"]
[Source "ChessBase"]
[SourceDate "2023.10.10"]
[SourceVersion "1"]
[SourceVersionDate "2023.10.10"]
[SourceQuality "1"]

1. Nf3 c5 2. e4 d6 3. c3 Nf6 4. Bc4 Nc6 5. d3 e6 6. 0-0 Be7 7. Qe2 0-0 8. Bb3 Qc7 9. h3 b5 10. Bf4 a5 11. a4 b4 12. Nbd2 Ne5 13. Nc4 Nxf3+ 14. Qxf3 e5 15. Bg5 Be6 16. cxb4 axb4 17. Rfc1 Qd8 18. a5 Nd7 19. Bxe7 Qxe7 20. Qd1 Ra6 21. f4 exf4 22. d4 cxd4 23. Qxd4 f3 24. gxf3 Bxh3 25. f4 d5 26. Nb6 dxe4 27. Bc4 Qh4 28. Qf2 Qg4+ 29. Kh2 Ra7 30. Rg1 Qh5 31. Rg5 Qh6 32. Nd5 Raa8 33. Rh1 Bf1+ 34. Kg1 Qxh1+ 35. Kxh1 Bxc4 36. Qd4 f6 37. Qxc4 fxg5 38. Nf6+ Kh8 39. Nxd7 Rxf4 40. a6 e3 41. Qd3 Rf2 42. Qxe3 Rxb2 43. a7 Rd8 44. Qb6 Rg8 45. Ne5 h6 46. Qg6 Rc8 47. Nf7+ Kg8 48. Nxh6+ Kh8 49. Qxg5 Ra2 50. Nf5 Rxa7 51. Qh4+ Kg8 52. Ne7+ Rxe7 53. Qxe7 Rf8 1/2-1/2

[Event "Barcelona 150 aniversity 4"]
[Site "Barcelona"]
[Date "2019.05.10"]
[Round "3.4"]
[White "Mari Copa, Adria"]
[Black "Perez Cuadrado, Eduardo"]
[Result "1-0"]
[WhiteElo "2106"]
[BlackElo "1744"]
[PlyCount "83"]
[EventDate "2019.04.26"]
[EventType "swiss"]
[EventRounds "9"]
[EventCountry "ESP"]
[SourceTitle "EXT 2024"]
[Source "ChessBase"]
[SourceDate "2023.10.10"]
[SourceVersion "1"]
[SourceVersionDate "2023.10.10"]
[SourceQuality "1"]

1. e4 e5 2. Nf3 Nc6 3. Bc4 Bc5 4. 0-0 Nf6 5. d3 d6 6. c3 a6 7. Bb3 0-0 8. Re1 Be6 9. Bc2 Ne7 10. d4 exd4 11. cxd4 Ba7 12. Qd3 Ng6 13. Bg5 h6 14. Be3 Bg4 15. Nfd2 Re8 16. h3 Bd7 17. Nc3 Nh5 18. Nf3 Nhf4 19. Qd2 Qf6 20. e5 dxe5 21. dxe5 Bxe3 22. Qxd7 Nxe5 23. Nxe5 Bxf2+ 24. Kxf2 Nd3+ 25. Kg1 Qf2+ 26. Kh2 Nxe1 27. Rxe1 Qf4+ 28. Kg1 Rxe5 29. Rf1 Qe3+ 30. Kh1 Re7 31. Qf5 g6 32. Qg4 Qe6 33. Bf5 Qc6 34. Be4 Qe6 35. Qf4 g5 36. Qf3 c6 37. Bc2 Rf8 38. Qd3 Qg6 39. Ne4 Kg7 40. Qc3+ f6 41. Nd6 Qh5 42. g4 1-0

[Event "Catalunya-chT GpB final"]
[Site "Barcelona"]
[Date "2019.03.16"]
[Round "2.6"]
[White "Pijuan Herranz, Manuel"]
[Black "Mari Copa, Adria"]
[Result "1-0"]
[WhiteElo "2206"]
[BlackElo "2121"]
[PlyCount "63"]
[EventDate "2019.03.09"]
[EventType "team-tourn"]
[EventRounds "4"]
[EventCountry "ESP"]
[SourceTitle "EXT 2020"]
[Source "ChessBase"]
[SourceDate "2019.10.17"]
[SourceVersion "1"]
[SourceVersionDate "2019.10.17"]
[SourceQuality "1"]
[WhiteTeam "Figueres"]
[BlackTeam "Tres Peons"]
[WhiteTeamCountry "ESP"]
[BlackTeamCountry "ESP"]

1. d4 Nf6 2. Nf3 e6 3. g3 d5 4. c4 b6 5. cxd5 exd5 6. Bg2 Be7 7. Ne5 0-0 8. 0-0 Bb7 9. Qc2 c5 10. dxc5 bxc5 11. Nc3 Nc6 12. Bf4 Nd4 13. Qd3 Qb6 14. Bg5 Rfd8 15. Rfd1 Qxb2 16. Rab1 Qxc3 17. Rxb7 Qxd3 18. Rxd3 Nxe2+ 19. Kf1 Re8 20. Nc6 Bd8 21. Bxf6 Bxf6 22. Bxd5 Nc1 23. Rd1 Nxa2 24. Bxa2 Rf8 25. Rdd7 a5 26. Ne7+ Kh8 27. Nf5 Be5 28. f4 Bd4 29. Nd6 f5 30. Nf7+ Kg8 31. Ne5+ Kh8 32. Rxg7 1-0

[Event "Catalunya-chT Gp2"]
[Site "Barcelona"]
[Date "2019.02.02"]
[Round "3.6"]
[White "Mari Copa, Adria"]
[Black "Perez Manas, Benjamin"]
[Result "0-1"]
[WhiteElo "2121"]
[BlackElo "2303"]
[PlyCount "112"]
[EventDate "2019.01.19"]
[EventType "team-tourn"]
[EventRounds "7"]
[EventCountry "ESP"]
[SourceTitle "CBM 188 Extra"]
[Source "ChessBase"]
[SourceDate "2019.02.26"]
[SourceVersion "1"]
[SourceVersionDate "2019.02.26"]
[SourceQuality "1"]
[WhiteTeam "Tres Peons"]
[BlackTeam "Barbera"]
[WhiteTeamCountry "ESP"]
[BlackTeamCountry "ESP"]

1. e4 c6 2. d4 d5 3. Nc3 dxe4 4. Nxe4 Nd7 5. Nf3 Ngf6 6. Nxf6+ Nxf6 7. Bd3 Bg4 8. c3 e6 9. 0-0 Bd6 10. Bg5 Bh5 11. Bh4 Qc7 12. Bg3 Bxg3 13. fxg3 Bxf3 14. Qxf3 h5 15. b4 Rd8 16. Kh1 Rd5 17. Bc4 Rf5 18. Qe2 Rxf1+ 19. Rxf1 Nd5 20. Bxd5 cxd5 21. Qb5+ Ke7 22. Qc5+ Qxc5 23. bxc5 Rc8 24. Rb1 b6 25. cxb6 axb6 26. Rb3 f6 27. Kg1 Rc6 28. Kf2 e5 29. dxe5 fxe5 30. Ke2 Kd6 31. Kd3 Kc5 32. Rb4 Rf6 33. a4 e4+ 34. Ke2 Rf7 35. Ke1 Ra7 36. h3 Ra5 37. g4 hxg4 38. hxg4 b5 39. axb5 Rxb5 40. Ra4 Rb2 41. Kf1 Rc2 42. g5 Rxc3 43. Ra7 Kd4 44. Rxg7 Ke3 45. g4 d4 46. Rd7 Rc5 47. g6 Rg5 48. g7 Rxg4 49. Re7 d3 50. Ra7 d2 51. Ra3+ Kf4 52. Ke2 Rg2+ 53. Kd1 e3 54. Rd3 Rxg7 55. Ke2 Rg1 56. Rxd2 Rg2+ 0-1

[Event "Balears-chT"]
[Site "Santa Ponca"]
[Date "2018.04.29"]
[Round "3.1"]
[White "Mari Copa, Adria"]
[Black "Galiana Salom, Juan Ramon"]
[Result "1/2-1/2"]
[WhiteElo "2060"]
[BlackElo "2260"]
[PlyCount "98"]
[EventDate "2018.04.28"]
[EventType "team-tourn"]
[EventRounds "3"]
[EventCountry "ESP"]
[SourceTitle "EXT 2024"]
[Source "ChessBase"]
[SourceDate "2023.10.10"]
[SourceVersion "1"]
[SourceVersionDate "2023.10.10"]
[SourceQuality "1"]
[WhiteTeam "Puig den Valls"]
[BlackTeam "Son Dameto"]
[WhiteTeamCountry "ESP"]
[BlackTeamCountry "ESP"]

1. e4 e6 2. d4 d5 3. Nc3 Nf6 4. e5 Nfd7 5. f4 c5 6. Nf3 Nc6 7. Be3 Be7 8. Qd2 0-0 9. dxc5 Nxc5 10. Nd4 Nxd4 11. Bxd4 b6 12. g3 Bb7 13. 0-0-0 Rc8 14. h4 Ne4 15. Qe3 Nxc3 16. bxc3 Ba3+ 17. Kd2 Rc7 18. Rb1 Qc8 19. Rb3 Bc5 20. Bd3 Ba6 21. Rb2 Bxd3 22. cxd3 Qa6 23. Ra1 Qa3 24. Rc2 Qa4 25. g4 Rfc8 26. Rb2 Qd7 27. Rb3 g6 28. g5 Qa4 29. Rb2 Kf8 30. Qf2 Ke7 31. Qe3 Kd7 32. Qf2 Qa5 33. Rb3 Ke7 34. Qe3 Rd7 35. Ke2 Qa4 36. Rb2 Qa5 37. Rb3 Bxd4 38. Qxd4 Rdc7 39. Kd2 Qc5 40. Qxc5+ Rxc5 41. Ra3 R8c7 42. d4 Rc4 43. Rb1 Kd7 44. Rh1 Kc8 45. Rh3 Kb7 46. h5 a5 47. Rb3 Ka6 48. h6 b5 49. a3 b4 1/2-1/2

[Event "Balears-chT"]
[Site "Santa Ponca"]
[Date "2018.04.28"]
[Round "1.2"]
[White "Mari Copa, Adria"]
[Black "Cubas Pons, Juan Miguel"]
[Result "1/2-1/2"]
[WhiteElo "2060"]
[BlackElo "2284"]
[PlyCount "138"]
[EventDate "2018.04.28"]
[EventType "team-tourn"]
[EventRounds "3"]
[EventCountry "ESP"]
[SourceTitle "EXT 2024"]
[Source "ChessBase"]
[SourceDate "2023.10.10"]
[SourceVersion "1"]
[SourceVersionDate "2023.10.10"]
[SourceQuality "1"]
[WhiteTeam "Puig den Valls"]
[BlackTeam "Cercle Artístic de Ciutadella"]
[WhiteTeamCountry "ESP"]
[BlackTeamCountry "ESP"]

1. e4 e6 2. d4 d5 3. Nc3 Nf6 4. e5 Nfd7 5. f4 c5 6. Nf3 Nc6 7. Be3 a6 8. Qd2 b5 9. dxc5 Bxc5 10. Bxc5 Nxc5 11. Qf2 Qb6 12. Bd3 b4 13. Ne2 Bd7 14. 0-0 Ne7 15. Nfd4 Nxd3 16. cxd3 0-0 17. Qe3 Rac8 18. Kh1 a5 19. Rf3 Qa6 20. g4 f6 21. f5 fxe5 22. Qxe5 Nc6 23. Qd6 e5 24. Qxd7 Nxd4 25. Nxd4 exd4 26. Qxd5+ Kh8 27. Qxd4 Rfd8 28. Qf2 Rxd3 29. Rxd3 Qxd3 30. Re1 Qd5+ 31. Kg1 Qxa2 32. Qd4 Qf7 33. Re6 Kg8 34. Rd6 Rc1+ 35. Kf2 Rc2+ 36. Kg1 h6 37. Rd8+ Kh7 38. Rd7 Rc4 39. Rxf7 Rxd4 40. Ra7 Rxg4+ 41. Kh1 Rf4 42. Rxa5 Rf2 43. b3 Rf3 44. Rb5 Rxb3 45. Rb8 Rb2 46. h4 Rf2 47. Rxb4 Rxf5 48. Kg2 Kg6 49. Rg4+ Kf6 50. Kg3 g6 51. Ra4 Rb5 52. Ra6+ Kf5 53. h5 Rb3+ 54. Kh2 g5 55. Rxh6 Kg4 56. Kg1 Kg3 57. Rf6 Rb1+ 58. Rf1 Rb6 59. Ra1 g4 60. Ra3+ Kh4 61. h6 Rxh6 62. Kg2 Rb6 63. Ra2 Rb3 64. Rc2 Rg3+ 65. Kh2 Re3 66. Kg2 Re4 67. Ra2 Kg5 68. Kg3 Re3+ 69. Kg2 Kh4 1/2-1/2

[Event "Balears-chT"]
[Site "Santa Ponca"]
[Date "2018.04.28"]
[Round "2.2"]
[White "Mari Copa, Adria"]
[Black "Massanet Massanet, Sebastian"]
[Result "0-1"]
[WhiteElo "2060"]
[BlackElo "2231"]
[PlyCount "70"]
[EventDate "2018.04.28"]
[EventType "team-tourn"]
[EventRounds "3"]
[EventCountry "ESP"]
[SourceTitle "EXT 2024"]
[Source "ChessBase"]
[SourceDate "2023.10.10"]
[SourceVersion "1"]
[SourceVersionDate "2023.10.10"]
[SourceQuality "1"]
[WhiteTeam "Puig den Valls"]
[BlackTeam "Agora Megaescacs"]
[WhiteTeamCountry "ESP"]
[BlackTeamCountry "ESP"]

1. e4 e6 2. d4 d5 3. Nc3 Nf6 4. e5 Nfd7 5. f4 c5 6. Nf3 Nc6 7. Be3 Qb6 8. Na4 Qa5+ 9. Nc3 Qb6 10. Qd2 cxd4 11. Nxd4 Qxb2 12. Rb1 Qa3 13. Bb5 Nxd4 14. Bxd4 a6 15. Rb3 Qe7 16. Bxd7+ Bxd7 17. Rxb7 Qd8 18. 0-0 Qc8 19. Rfb1 Qc4 20. Rb8+ Rxb8 21. Rxb8+ Bc8 22. Na4 Qc7 23. Ra8 Be7 24. f5 exf5 25. Nb6 0-0 26. Nxd5 Qb7 27. Nf6+ Kh8 28. Ra7 Qb1+ 29. Kf2 Bb7 30. c4 gxf6 31. exf6 Bd6 32. c5 Bxh2 33. Rxb7 Bg1+ 34. Kg3 Rg8+ 35. Kh3 Qe4 0-1

[Event "Ibiza-ch"]
[Site "Eivissa"]
[Date "2016.11.12"]
[Round "2"]
[White "Vidal Torres, Roberto"]
[Black "Mari Copa, Adria"]
[Result "0-1"]
[WhiteElo "1595"]
[BlackElo "2094"]
[PlyCount "70"]
[EventDate "2016.11.06"]
[EventType "swiss"]
[EventRounds "7"]
[EventCountry "ESP"]
[SourceTitle "EXT 2018"]
[Source "ChessBase"]
[SourceDate "2017.10.13"]
[SourceVersion "1"]
[SourceVersionDate "2017.10.13"]
[SourceQuality "1"]

1. e4 c5 2. Nf3 Nc6 3. Nc3 g6 4. a3 Bg7 5. Bc4 Nf6 6. d3 0-0 7. 0-0 d6 8. h3 a6 9. Bf4 b5 10. Ba2 Nh5 11. Be3 e5 12. Qd2 Be6 13. Bg5 Bf6 14. Bxf6 Qxf6 15. Nd5 Bxd5 16. Bxd5 Rac8 17. Qg5 Qxg5 18. Nxg5 h6 19. Nf3 Nf4 20. Bb3 Kg7 21. Kh2 Kf6 22. g3 Ne6 23. c3 Ke7 24. Bd5 Kd7 25. b4 Nb8 26. a4 bxa4 27. Rxa4 cxb4 28. cxb4 Rc3 29. Bc4 f5 30. exf5 gxf5 31. b5 Nc5 32. Rb4 a5 33. Rb2 Nxd3 34. Bxd3 Rxd3 35. Kg2 f4 0-1

[Event "Ibiza-ch"]
[Site "Eivissa"]
[Date "2016.11.06"]
[Round "1"]
[White "Mari Copa, Adria"]
[Black "Reina Fernandez, Fabian"]
[Result "1-0"]
[WhiteElo "2094"]
[BlackElo "1470"]
[PlyCount "107"]
[EventDate "2016.11.06"]
[EventType "swiss"]
[EventRounds "7"]
[EventCountry "ESP"]
[SourceTitle "EXT 2018"]
[Source "ChessBase"]
[SourceDate "2017.10.13"]
[SourceVersion "1"]
[SourceVersionDate "2017.10.13"]
[SourceQuality "1"]

1. e4 c5 2. Nf3 d6 3. d4 cxd4 4. Nxd4 Nf6 5. Nc3 e6 6. Bg5 a6 7. f4 Be7 8. Qe2 Nc6 9. 0-0-0 0-0 10. e5 Nd5 11. Bxe7 Ncxe7 12. Nxd5 Nxd5 13. Qe4 dxe5 14. Bd3 Nf6 15. Qxe5 Qd5 16. Qxd5 Nxd5 17. g3 Ne3 18. Rde1 Ng4 19. Rhf1 Nxh2 20. Rh1 Rd8 21. Rxh2 Rxd4 22. Rxh7 f5 23. Reh1 Kf7 24. Rh8 b5 25. Be2 Bb7 26. Rxa8 Bxa8 27. Rh8 Be4 28. Bh5+ Ke7 29. Re8+ Kf6 30. Rf8+ Ke7 31. Rf7+ Kd6 32. Rxg7 Rc4 33. Bd1 a5 34. Ra7 a4 35. c3 Rc7 36. Rxc7 Kxc7 37. Kd2 Kd6 38. c4 Kc5 39. cxb5 Kxb5 40. Kc3 Ka5 41. Be2 Bb1 42. Bc4 Kb6 43. Kb4 Bc2 44. Bxe6 Kc6 45. g4 fxg4 46. Bxg4 Kd6 47. Be2 Ke6 48. Bb5 Kf5 49. Bxa4 Bd3 50. Bb5 Be4 51. a4 Kxf4 52. a5 Ke5 53. Kc5 Bd5 54. Bc6 1-0

[Event "Ibiza y Formentera-ch 18th"]
[Site "Eivissa"]
[Date "2016.09.05"]
[Round "1.1"]
[White "Mari Copa, Adria"]
[Black "Paris Tur, Joan"]
[Result "1-0"]
[WhiteElo "2077"]
[BlackElo "1152"]
[PlyCount "61"]
[EventDate "2016.09.05"]
[EventType "swiss"]
[EventRounds "5"]
[EventCountry "ESP"]
[SourceTitle "EXT 2024"]
[Source "ChessBase"]
[SourceDate "2023.10.10"]
[SourceVersion "1"]
[SourceVersionDate "2023.10.10"]
[SourceQuality "1"]

1. d4 f5 2. Nf3 Nf6 3. c4 e6 4. Nc3 d5 5. cxd5 exd5 6. Bf4 Bb4 7. Qb3 Nc6 8. a3 Ba5 9. e3 Be6 10. Bd3 Rb8 11. 0-0 h6 12. h3 a6 13. Rac1 g5 14. Bh2 Rg8 15. Ne5 Bxc3 16. Qxc3 Bd7 17. Nxc6 Bxc6 18. Bxf5 Ne4 19. Bxe4 dxe4 20. Qc5 Kd7 21. Qf5+ Ke8 22. Rc5 Qd7 23. Qf6 Bd5 24. Rxc7 Qe6 25. Qxe6+ Bxe6 26. Rfc1 g4 27. h4 h5 28. Bd6 Rg6 29. Re7+ Kd8 30. Rxe6 Rxe6 31. Bxb8 1-0

[Event "Benimodo U2200 op 11th"]
[Site "Benimodo"]
[Date "2016.08.21"]
[Round "7"]
[White "Mari Copa, Adria"]
[Black "Roca Cruz, Rafael"]
[Result "0-1"]
[WhiteElo "1989"]
[BlackElo "1882"]
[PlyCount "68"]
[EventDate "2016.08.19"]
[EventType "swiss"]
[EventRounds "7"]
[EventCountry "ESP"]
[SourceTitle "EXT 2024"]
[Source "ChessBase"]
[SourceDate "2023.10.10"]
[SourceVersion "1"]
[SourceVersionDate "2023.10.10"]
[SourceQuality "1"]

1. e4 a6 2. d4 b5 3. Bd3 Bb7 4. Nf3 e6 5. 0-0 Nf6 6. Qe2 c5 7. c3 Be7 8. Bc2 Nc6 9. a3 Qc7 10. Bg5 d6 11. Rd1 0-0 12. e5 Nd5 13. Qe4 g6 14. Bh6 Rfd8 15. Re1 cxd4 16. cxd4 dxe5 17. dxe5 Ndb4 18. Nc3 Nd4 19. Nxd4 Bxe4 20. Bxe4 Nd5 21. Rac1 Qb6 22. Nc6 Bc5 23. Nxd8 Bxf2+ 24. Kh1 Bxe1 25. Rxe1 Rxd8 26. Nxd5 exd5 27. Bb1 Qf2 28. Rd1 Re8 29. Rc1 Qxb2 30. Bd3 Qxe5 31. h3 g5 32. Rf1 Re6 33. Rf5 Qe1+ 34. Kh2 Rxh6 0-1

[Event "ESP-ch U18"]
[Site "Granada"]
[Date "2016.07.27"]
[Round "4"]
[White "Gomez Dieguez, Adrian"]
[Black "Mari Copa, Adria"]
[Result "1/2-1/2"]
[WhiteElo "2198"]
[BlackElo "1985"]
[PlyCount "86"]
[EventDate "2016.07.25"]
[EventType "swiss"]
[EventRounds "9"]
[EventCountry "ESP"]
[SourceTitle "EXT 2024"]
[Source "ChessBase"]
[SourceDate "2023.10.10"]
[SourceVersion "1"]
[SourceVersionDate "2023.10.10"]
[SourceQuality "1"]

1. e4 c6 2. d4 d5 3. f3 dxe4 4. fxe4 e5 5. Nf3 exd4 6. Bc4 Nf6 7. Ng5 Be6 8. Bxe6 fxe6 9. e5 Qa5+ 10. Kf2 Qxe5 11. Re1 Qf5+ 12. Qf3 Qxf3+ 13. Kxf3 Nbd7 14. Nxe6 Kf7 15. Nxd4 Bd6 16. Bf4 Bxf4 17. Kxf4 Nd5+ 18. Kg3 Rhe8 19. Nd2 Re3+ 20. Rxe3 Nxe3 21. Kf3 Nd5 22. Nc4 Kg8 23. Re1 Rf8+ 24. Kg3 h5 25. c3 h4+ 26. Kxh4 Rf4+ 27. Kh3 c5 28. g3 Rf6 29. Nb3 Rf2 30. Rd1 N7f6 31. Rd2 Rxd2 32. Ncxd2 b6 33. a4 Ne3 34. Nc1 Kf7 35. Nd3 Ke6 36. a5 Kf5 37. axb6 axb6 38. Nf2 g5 39. g4+ Nfxg4 40. Nxg4 Nxg4 41. Nc4 Kf4 42. Kg2 b5 43. Nd6 b4 1/2-1/2

[Event "Ibiza Summer op 4th"]
[Site "Ibiza"]
[Date "2016.06.25"]
[Round "3"]
[White "Gonzalvez Tamarit, Ruben"]
[Black "Mari Copa, Adria"]
[Result "1-0"]
[WhiteElo "1966"]
[BlackElo "1985"]
[PlyCount "110"]
[EventDate "2016.06.24"]
[EventType "swiss"]
[EventRounds "6"]
[EventCountry "ESP"]
[SourceTitle "CBM 173 Extra"]
[Source "ChessBase"]
[SourceDate "2016.08.29"]
[SourceVersion "1"]
[SourceVersionDate "2016.08.29"]
[SourceQuality "1"]

1. e4 c6 2. d4 d5 3. exd5 cxd5 4. c4 Nc6 5. Nf3 Nf6 6. Nc3 Bg4 7. cxd5 Nxd5 8. Bc4 e6 9. Bxd5 exd5 10. 0-0 Be7 11. Qd3 Bxf3 12. Qxf3 Nxd4 13. Qd3 Ne6 14. Qb5+ Qd7 15. Qxd7+ Kxd7 16. Nxd5 Bd6 17. Be3 Rhd8 18. Rfd1 Ke8 19. Rac1 Be5 20. f4 Bxb2 21. Rb1 Bd4 22. Rxd4 Nxd4 23. Nc7+ Kd7 24. Nxa8 Kc8 25. Bxd4 Rxd4 26. Rc1+ Kb8 27. Nc7 Rxf4 28. Nd5 Rd4 29. Ne7 a6 30. Rc2 Rd7 31. Nf5 g6 32. Ne3 b5 33. Kf2 Kb7 34. Ke2 f5 35. g3 Kb6 36. Rd2 Rf7 37. Rc2 Rd7 38. Rd2 Rf7 39. Kd3 Kc5 40. Kc3 Re7 41. Nd1 h5 42. Nb2 Re3+ 43. Nd3+ Kd6 44. Kb4 Kc6 45. Ka5 Kb7 46. Nc5+ Kc6 47. Nb3 Re4 48. Rc2+ Rc4 49. Kxa6 Rxc2 50. Nd4+ Kc5 51. Nxc2 g5 52. Ne1 g4 53. Nd3+ Kd4 54. Nf4 h4 55. gxh4 Ke3 1-0

[Event "Ibiza Summer op 4th"]
[Site "Ibiza"]
[Date "2016.06.25"]
[Round "2"]
[White "Mari Copa, Adria"]
[Black "Costa Laudisio, Arnau"]
[Result "1-0"]
[WhiteElo "1985"]
[BlackElo "1656"]
[PlyCount "91"]
[EventDate "2016.06.24"]
[EventType "swiss"]
[EventRounds "6"]
[EventCountry "ESP"]
[SourceTitle "CBM 173 Extra"]
[Source "ChessBase"]
[SourceDate "2016.08.29"]
[SourceVersion "1"]
[SourceVersionDate "2016.08.29"]
[SourceQuality "1"]

1. e4 e6 2. d4 d5 3. e5 c5 4. c3 Nc6 5. Be3 Qb6 6. Qd2 cxd4 7. cxd4 Nge7 8. Bd3 Nf5 9. Nc3 Bb4 10. Nge2 0-0 11. 0-0 Kh8 12. Bxf5 exf5 13. Nxd5 Bxd2 14. Nxb6 axb6 15. Bxd2 Be6 16. b3 Rfd8 17. Bc3 b5 18. Rfd1 g5 19. Ng3 b4 20. Bb2 Ne7 21. Nh5 Nd5 22. Rdc1 Rac8 23. Rc4 Rc6 24. Bc1 h6 25. h4 Rg8 26. Bd2 Rb6 27. Rc5 f4 28. Kh2 Rc8 29. hxg5 hxg5 30. g3 Rxc5 31. dxc5 Rc6 32. gxf4 gxf4 33. Rc1 Kh7 34. Nxf4 Nxf4 35. Bxf4 Kg6 36. f3 Bf5 37. Rc4 b6 38. Rxb4 bxc5 39. Ra4 Be6 40. Kg3 c4 41. bxc4 Rxc4 42. Ra8 Kf5 43. Bd2 Rc2 44. Bf4 Rxa2 45. Rh8 Ra3 46. Rh6 1-0

[Event "Ibiza Summer op 4th"]
[Site "Ibiza"]
[Date "2016.06.24"]
[Round "1"]
[White "Reina Fernandez, Fabian"]
[Black "Mari Copa, Adria"]
[Result "0-1"]
[WhiteElo "1505"]
[BlackElo "1985"]
[PlyCount "52"]
[EventDate "2016.06.24"]
[EventType "swiss"]
[EventRounds "6"]
[EventCountry "ESP"]
[SourceTitle "CBM 173 Extra"]
[Source "ChessBase"]
[SourceDate "2016.08.29"]
[SourceVersion "1"]
[SourceVersionDate "2016.08.29"]
[SourceQuality "1"]

1. d4 d5 2. e3 Nf6 3. Bd3 c5 4. c3 Nc6 5. f4 Qa5 6. Nf3 cxd4 7. exd4 Bg4 8. b4 Qc7 9. Nbd2 e6 10. h3 Bh5 11. g4 Bg6 12. Bxg6 hxg6 13. Ne5 Nxe5 14. dxe5 Qxc3 15. Rb1 Ne4 16. Rb3 Qd4 17. Nxe4 Qxe4+ 18. Kd2 Bxb4+ 19. Rxb4 Qxb4+ 20. Ke2 Qe4+ 21. Be3 Rc8 22. Kf2 Rc2+ 23. Bd2 Qxf4+ 24. Ke1 Qg3+ 25. Ke2 Qg2+ 26. Ke1 Qxh1+ 0-1

[Event "Baleares-ch"]
[Site "Palma de Mallorca"]
[Date "2016.03.25"]
[Round "1"]
[White "Cubas Pons, Juan Miguel"]
[Black "Mari Copa, Adria"]
[Result "1-0"]
[WhiteElo "2221"]
[BlackElo "2013"]
[PlyCount "83"]
[EventDate "2016.03.25"]
[EventType "tourn"]
[EventRounds "7"]
[EventCountry "ESP"]
[SourceTitle "CBM 171 Extra"]
[Source "ChessBase"]
[SourceDate "2016.04.26"]
[SourceVersion "1"]
[SourceVersionDate "2016.04.26"]
[SourceQuality "1"]

1. e4 c6 2. Nf3 d5 3. exd5 cxd5 4. Ne5 Nf6 5. d4 Bf5 6. Bb5+ Bd7 7. Nxd7 Nbxd7 8. 0-0 a6 9. Bd3 Qc7 10. Nd2 e6 11. Nf3 Bd6 12. Re1 0-0 13. Bg5 Ng4 14. h3 Bh2+ 15. Kf1 Ngf6 16. Bxf6 Nxf6 17. g3 Bxg3 18. fxg3 Qxg3 19. Ng1 Qf4+ 20. Kg2 Qg5+ 21. Kh1 Nh5 22. Qf3 Rae8 23. Re5 f5 24. Ne2 Rf6 25. c4 Rh6 26. cxd5 Nf6 27. dxe6 Ng4 28. Rxf5 Nf2+ 29. Kh2 Nxh3 30. Rxg5 Nxg5+ 31. Kg2 Nxf3 32. Kxf3 Kf8 33. d5 Ke7 34. Ng3 g6 35. Rc1 Rf8+ 36. Kg2 Kd6 37. Ne4+ Kxd5 38. e7 Rb8 39. Nf6+ Kd4 40. Rd1 g5 41. Bc2+ Kc4 42. Rd8 1-0